| 000 | 04013cam a22005894i 4500 | ||
|---|---|---|---|
| 003 | PE-LiUPU | ||
| 005 | 20250731180114.0 | ||
| 008 | 180522s1992 sp a rb 001 0 spa d | ||
| 020 | _a9788429118681 | ||
| 035 | _a(Sirsi) a242068 | ||
| 040 |
_aPE-LiUPU _bspa _cPE-LiUPU _erda |
||
| 049 | _aPRUA | ||
| 082 | 0 | 4 |
_a579.2 _bS78 _222 |
| 100 | 1 |
_aStanier, Roger Yate, _eautor. |
|
| 245 | 1 | 3 |
_aMicrobiología / _cRoger Stanier. |
| 250 | _aSegunda edición. | ||
| 264 | 1 |
_aBarcelona: _bReverté, _c1992. |
|
| 300 |
_a750 páginas: _bilustraciones ; _c25 centímetros |
||
| 336 |
_atext _2rdacontent |
||
| 337 |
_aunmediated _2rdamedia |
||
| 338 |
_avolume _2rdacarrier |
||
| 504 | _aBibliografía : al final de cada cápitulo. | ||
| 504 | _aÍndice : páginas 727-750. | ||
| 505 | 0 | _aLos comienzos de la microbiología -- El descubrimiento del mundo de los microbios -- La controversia acerca de la generación espontánea -- El experimento de Pasteur -- El experimento de Tyndall -- Descubrimiento de la función de los microorganismos en las transformaciones de la materia orgánica -- La fermentación como proceso biológico -- Descubrimiento de la vida anaeróbica -- Importancia fisiológica de la fermentación -- Descubrimiento de la función de los microorganismos como causantes de enfermedades -- Antisepsia quirúrgica -- Etiología bacteriana del carbunco -- Nacimiento de la bacteriología médica -- Descubrimiento de los virus -- Desarrollo de métodos de cultivo puros -- Origen de la creencia en el pleomorfismo -- Primeros cultivos puros -- Desarrollo de los medios de cultivo por Koch y su escuela -- Los microorganismos como agentes geoquímicos -- Métodos de cultivo de enriquecimiento -- Desarrollo de la microbiología en el siglo xx -- Métodos de la microbiología -- Aislamiento de cultivos puros por métodos de siembre en placa -- Aislamiento de cultivos puros en medios líquidos -- Cultivos bimembres -- Teoría y práctica de esterilización -- Esterilización por calor -- Esterilización por tratamiento químico -- Esterilización por filtración -- Fundamentos de la nutrición microbiana -- Requerimientos de carbono -- Requerimientos de nitrógeno y azufre -- Factores de crecimiento -- Funciones del oxígeno en la nutrición -- Categorías de nutrición entre los microorganismos -- Confección de medios de cultivo -- Control de pH -- Prevención de precipitados minerales: agentes quelantes -- Control de la concentración de oxígeno -- Técnicas para el cultivo de anaerobios estrictos -- Suministro de dióxido de carbono -- Suministro de luz -- Medios selectivos -- Aislamiento directo -- Enriquecimiento -- Métodos de enriquecimiento para algunos grupos fisiológicos especializados -- Medios sintéticos de enriquecimiento para quimioheterotrofos -- Enriquecimiento de organismos quimioautróficos y fotosintéticos. | |
| 526 | _aSEG44 | ||
| 526 | _aSEG26 | ||
| 526 | _aP159 | ||
| 526 | _aP155 | ||
| 526 | _aP154 | ||
| 526 | _aP153 | ||
| 526 | _aP150 | ||
| 526 | _aP100 | ||
| 526 | _aP31 | ||
| 526 | _aP30 | ||
| 526 | _aP26 | ||
| 526 | _aP25 | ||
| 526 | _aP24 | ||
| 526 | _aP22 | ||
| 526 | _aP15 | ||
| 526 | _aP10 | ||
| 541 | _g002-00000049; | ||
| 650 | 0 | 4 | _aMicrobiología. |
| 650 | 0 | 4 | _aMicrobiology. |
| 700 | 1 |
_aIngraham, John, _eeditor. |
|
| 700 | 1 |
_aVillanueva, Julio, _eeditor. |
|
| 910 |
_adbm _bwmm _cwmm _d20180522 |
||
| 942 |
_2ddc _cBOOK |
||
| 994 |
_aC0 _bPEPRU |
||
| 596 | _a1 | ||
| 999 |
_a579.2 S78 _wDEWEY _c27575 _i78557 _d27575 _f2021-11-5 _g4 _lCCODEBUL1 _mBUL _p88.11 _q12 _r0 _sN _tBOOK _u2018-5-22 _xBIBLIOTECA _PP24 _0COMPRA _1FCOMPRA _o.STAFF. Colección Ingeniería y Arquitectura |
||
| 999 |
_a579.2 S78 _wDEWEY _c2 _i78558 _d2019-9-3 _e2019-8-30 _f2021-11-9 _g4 _lCCODEBUL1 _mBUL _n8 _p88.29 _q2 _r0 _sY _tBOOK _u2018-5-22 _xINGENIERIA _PP24 _0COMPRA _1FCOMPRA _o.STAFF. Colección Ingeniería y Arquitectura |
||
| 980 |
_81 _gALBERTO SANCHEZ Responsable de Automatización |
||